La famiglia vista dagli adolescenti : riflessioni su una indagine in Abruzzo /

Guardat en:
Dades bibliogràfiques
Autor corporatiu: UNICEF. Comitato italiano
Altres autors: Di Nicola, Giulia Paola, Farina, Arnoldo
Format: Llibre
Idioma:italià
Publicat: Teramo : Demian, stampa 1994
Col·lecció:Citta e persona ; 1
Matèries:
Etiquetes: Afegir etiqueta
Sense etiquetes, Sigues el primer a etiquetar aquest registre!

MARC

LEADER 00000nam a22000007i 4500
001 IT\ICCU\IEI\0083174
003 ItRI
005 20260115232439.0
008 940614s1994 it |||||| ||||| |||||c
040 |b ita  |c importazione bologna sebina 
041 7 |a ita  |2 ISO-639-2 
245 0 3 |a La famiglia vista dagli adolescenti :  |b riflessioni su una indagine in Abruzzo /  |c scritti di Arnoldo Farina ... \et al.! ; a cura di Giulia Paola Di Nicola. 
260 |a Teramo :  |b Demian,  |c stampa 1994 
300 |a 225 p. ;  |c 21 cm 
500 |a In cop.: Unicef Italia 
650 7 |a Adolescenti  |x Italia 
700 1 |a Di Nicola, Giulia Paola  |0 IT\ICCU\CFIV\079368 
700 1 |a Farina, Arnoldo  |0 IT\ICCU\RAVV\055272 
710 1 |a UNICEF.  |b Comitato italiano  |0 IT\ICCU\CFIV\047640 
791 2 |a United Nations childrenʼs fund.  |b Comitato italiano  |3 IT\ICCU\CFIV\047643  |z UNICEF : Comitato italiano 
791 2 |a Comitato italiano per l'UNICEF  |3 IT\ICCU\CFIV\191907  |z UNICEF : Comitato italiano 
830 0 |a Citta e persona ;  |v 1  |0 IT\ICCU\IEI\0083175 
942 |2 ddc  |c BK  |n 0 
952 |0 0  |1 0  |4 0  |6 DOC_305_235000000000000_DIN  |7 0  |9 25919  |a BO  |b BO  |d 2026-01-15  |i 6730  |l 0  |o DOC 305.235 DIN  |p BO6730  |r 2026-01-15 23:24:39  |w 2026-01-15  |x [Sebina 5] [1 v.]  |y BK  |z 1 v. 
999 |c 21959  |d 21959